| 000 | 01619cam a22004574i 4500 | ||
|---|---|---|---|
| 003 | PE-LiUPU | ||
| 005 | 20250731172946.0 | ||
| 008 | 150623s1981 miua r 000 0 eng d | ||
| 020 | _a0310416418 | ||
| 035 | _a(Sirsi) i9780310416418 | ||
| 040 |
_aPE-LiUPU _bspa _cPE-LiUPU _erda |
||
| 049 | _aPRUA | ||
| 082 | 0 | 4 |
_a225.0202 _bH78 _221 |
| 100 | 1 |
_aHouse, H. Wayne, _eautor. |
|
| 245 | 1 | 0 |
_aChronological and background charts of the New Testament / _cH. Wayne House. |
| 264 | 1 |
_aMichigan : _bZondervan Publishing House, _c1981. |
|
| 300 |
_a156 páginas : _bilustraciones, cuadros, diagrámas ; _c28 centímetros |
||
| 336 |
_atext _2rdacontent |
||
| 337 |
_aunmediated _2rdamedia |
||
| 338 |
_avolume _2rdacarrier |
||
| 505 | 0 | _aCharts: General material -- Backgrounds to the New Testament -- The gospels -- The apostolic age. | |
| 526 | _aSEG42 | ||
| 526 | _aSEG41 | ||
| 526 | _aSEG40 | ||
| 526 | _aSEG39 | ||
| 526 | _aP94 | ||
| 526 | _aP87 | ||
| 526 | _aP86 | ||
| 526 | _aP85 | ||
| 526 | _aP77 | ||
| 526 | _aP76 | ||
| 526 | _aP35 | ||
| 630 |
_aBiblia. _pN.T. _xCompendios, manuales, etc. |
||
| 630 |
_aBiblia. _pN.T. _xCronología. |
||
| 942 |
_2ddc _cBOOK |
||
| 949 |
_a225.0202 H78 _wDEWEY _c1 _i44776 _lCCODEBUL1 _mBUL _r0 _sY _tBOOK _u2015-6-24 _xTEOLOGIA _PP35 _0COMPRA _o.STAFF. Colección Teología |
||
| 994 |
_aC0 _bPEPRU |
||
| 596 | _a1 | ||
| 999 |
_a225.0202 H78 _wDEWEY _c21646 _i44776 _d21646 _f2021-11-9 _g5 _lCCODEBUL1 _mBUL _p25.00 _q1 _r0 _sY _tBOOK _u2015-6-24 _xTEOLOGIA _PP35 _0COMPRA _o.STAFF. Colección Teología |
||
| 980 |
_81 _gALBERTO SANCHEZ Responsable de Automatización |
||